00282 a2200121 450000100060000008200120000610000220001824500390004025000230007926000270010230000140012950000170014392150 a519 LIP aSeymour Lipschutz aTheory and Problems of Probability aSI(Metric) Edition aUSAbMcGraw Hillc1981 a153p.bPb aGeneral Book